000 00825nam a2200265Ia 4500
003 OSt
005 20221005082453.0
006 a|||||r|||| 00| 0
007 ta
008 221004b |||||||| |||| 00| 0 eng d
020 _a9789383166077 (hbk)
_c825
024 _a24278
037 _b13104, 01/12/2015, Uppal Book Stores
_cTextual
040 _aCRL
_cCRL
_beng
041 _2eng
_aeng
082 _aV27555.N5, Q5
100 _aSarkar Tanika Ed.
245 0 _aCalcutta
_b The stormy decades
260 _aNew Delhi
_bSocial Science Press India
_c2015
300 _axii, 474p.
_ccm.
650 _aHISTORY
700 _a Bandyopadhyay Sekhar Ed.
942 _hV27555.N5, Q5
_cTEXL
_2cc
999 _c989387
_d989387